000 01534nam a2200217Ia 4500
003 Ost
005 20260507075616.0
008 260507s9999||||xx |||||||||||||| ||und||
020 _a9789961016763
040 _cfsecg
041 _aara
082 _a332
100 _aمجيطنة، مسعود
_eمؤلف
245 0 _aدروس في المالية الدولية /
_c مسعود مجيطنة
250 _aطبعة 2
260 _aالجزائر:
_bديوان المطبوعات الجامعية,
_c2017
300 _a319 صفحة؛
_bإيضاحات ؛
_c22 سم
520 _aفي جانبه النظري الكتاب عبارة عن عرض تحليلي دقيق لمختلف نظريات وقوانين المالية والدولية، مدعم بمجموعة من الأمثلة والتمارين التطبيقية، بالاضافة الى ذلك فإنه يتضمن عرضا وصفيا وتحليليا لأدوات هندسة المالية الدولية المتناهية التعقيد، كما يتضمن شرحا وافيا للكيفية التي أدت بها الاستخدامات المكثفة لأدوات الهندسة المالية. أما في جانبه العملي فالكتاب عبارة عن تقديم موضوعات تتعلق بجوانب تطبيقية هامة من المالية الدولية، مثل الاختلالات العالمية الكبرى والأزمات النقدية والمالية العالمية .
653 _aالمالية العامة
942 _cكتاب
999 _c45112
_d45112